| 000 | 00946nas a2200301 4500 | ||
|---|---|---|---|
| 001 | BR0201904 | ||
| 003 | BR-BrBNA | ||
| 005 | 20231205102853.0 | ||
| 007 | ta | ||
| 008 | 230509b bl.|||p| |||| 00| 00por d | ||
| 040 |
_aBR-BrBNA _bpor _cBiblioteca Nacional de Agricultura |
||
| 041 | _a(Pt) | ||
| 072 | _aF60 | ||
| 100 | 1 | _aLuz, P.H. de C. | |
| 100 | 1 | _aHerling, V.R. | |
| 100 | 1 | _aBraga, G.J. | |
| 100 | 1 | _aVitti, G.C. | |
| 100 | 1 | _aLima, C.G. de | |
| 245 | 1 | _aTipos e doses de calcário nas características agronômicas de Panicum maximum Jacq. cv. Tobiatã em função dos métodos de aplicação | |
| 650 | _aCAPIM COLONIÃO | ||
| 650 | _aCARACTERÍSTICAS AGRONÔMICAS | ||
| 650 | _aCALCÁRIO | ||
| 650 | _aMATÉRIA SECA | ||
| 650 | _aCALAGEM | ||
| 773 | 0 |
_tScientia Agrícola (Brazil) _xISSN 0103-9016 _g(Jan-Mar 2002), v. 59(1) p. 155-159 _wBR0201904 |
|
| 909 |
_a202311 _bLúcia _c55 _dLúcia Elande |
||
| 942 |
_2AGRIS _n0 _cANA |
||
| 999 |
_c169803 _d169803 |
||